| 000 | 00430nam a2200097Ia 4500 | ||
|---|---|---|---|
| 008 | 180130s9999 xx 000 0 und d | ||
| 245 |
_cLaskar, R.H.; Talukdar, F.A.; Paul, Biman; Chakrabarty, Debmalya _aSample reduction using recursive and segmented data structure analysis |
||
| 260 | _c2016 | ||
| 300 | _aBook title: Innovations in computer science and engineering--Acession number C20551; pages 54-62 | ||
| 650 | _aCOMPUTER SCIENCE | ||
| 999 |
_c353742 _d353742 |
||